| Registos Bibliográficos associados ao registo de autoridade |
|
Etiqueta de registo: 00000nam 2200025 450 001 2285762 003 http://id.bnportugal.gov.pt/bib/catbnp/2285762 100 ## $a20260505d2025 k y0pory01030103ba 101 0# $apor$deng 102 ## $aPT 105 ## $aa m 000yy 106 ## $ar 200 1# $a O videoclipe e a experiência estética audiovisual$enarativas de resistência e ativismos em países de língua oficial portuguesa$fAlessandra Nardini$gorient. Moisés Adão de Lemos Martins, Isabel Moreira Macedo, Marcio de Vasconcellos
Serelle 210 #9 $a[S.l.$cs.n.],$d2025 215 ## $aXIV, 432 p.$cil.$d30 cm 328 #1 $aTese dout. Estudos Culturais, Instituto de Ciências Sociais, Universidade do Minho,
2025 700 #1 $aNardini,$bAlessandra$31997685 702 #1 $aMartins,$bMoisés de Lemos,$f1953-$4727$386979 702 #1 $aMacedo,$bIsabel Moreira$4727$31997677 702 #1 $aSerelle,$bMarcio de Vasconcellos$4727$31997687 801 #0 $aPT$bBN$gRPC 966 ## $lBN$mFGMON$x1 971 ## $corlando$d20260505
|
|
|